Countries in Epcot Quiz Stats

 Plays Quiz Updated Sep 17, 2018

Score 0/11 Timer 02:00
0 Plays Today
Country % Correct
China
94.8%
France
92.8%
Japan
92.4%
Mexico
89.3%
Germany
88.7%
United Kingdom
88.5%
The American Adventure
85.3%
Italy
82.4%
Canada
80.7%
Norway
63.1%
Morocco
47.3%

You're not logged in!

Compare scores with friends on all Sporcle quizzes.
OR
Log In

Sporcle TV

Today on Sporcle TV


Watch our educational content, quiz creation guides, and fun videos on Sporcle TV.

Show Comments

Extras

Top Quizzes Today


Score Distribution

Your Account Isn't Verified!

In order to create a playlist on Sporcle, you need to verify the email address you used during registration. Go to your Sporcle Settings to finish the process.

Report this User

Report this user for behavior that violates our Community Guidelines.

Details: